000 01252nam a2200265Ia 4500
999 _c41018
_d41018
001 7666
003 GE_BSU
005 20220921163952.0
008 181216s2013en xx |||||||||||||| ||eng||
020 _a9789941434457
040 _cGE_BSU
041 _aeng
080 _a631.4(075.8):551.4 მ-45
100 _aმგელაძე, მერაბ.
_914665
245 _aნიადაგების გეოგრაფია ნიადაგმცოდნეობის საფუძვლებით /
_cმერაბ მგელაძე, ანთაზ ქიქავა, რედ. ვანო პაპუნიძე
264 _aბათუმი :
_bშოთა რუსთაველის სახ. უნ-ტი
_c2013.
300 _a447 გვ..:
_c27 სმ.
504 _aბიბლიოგრ 436-444
653 _aნიადაგების გეოგრაფია
653 _aგეოგრაფია
700 _aქიქავა, ანთაზ
_914666
700 _aპაპუნიძე, ვანო
_eრედაქტორი
_91737
710 _aბათუმის შოთა რუსთაველის სახ. უნ-ტი
_914667
942 _cBK
_2udc